000 00567nam a2200193Ia 4500
999 _c21248
_d21248
003 OSt
005 20201113094208.0
008 190216s9999||||xx |||||||||||||| ||und||
020 _a818671044
040 _coclc
082 _a808.027
_bGIB/M
100 _a Gibaldi, Joseph
_96317
245 0 _aM L A Hand Book For Writers Of Research Papers /
_cJoseph Gibaldi
250 _a6th Ed.
260 _bAffiliated East West Press,
_aNew delhi:
_c1977.
300 _a361p
650 _aHistory
942 _cBK
_2ddc
_h808.027
_iGIB/M
_k808.027
_mGIB/M